000 00565 a2200181 4500
999 _c2573
_d2573
020 _a978024912
050 1 0 _aHM68.BAR 1971
100 1 _aBart, Pauline.
245 1 4 _aThe student sociologist's handbook
_cPauline Bart and Linda Frankel.
264 _aNEW YORK:
_bPrentice hall.,
_c1971
300 _axi, 226 p.
500 _aIncludes bibliographies.
504 _aIncludes bibliographies.
650 0 _aSociology
_xOutlines, syllabi, etc.
650 0 _aSociology
_xStudy and teaching.
700 1 _aFrankel, Linda,
_ejoint author.
942 _2lcc
_cBK
_h68
_iBUR
_kHM